| 000 | 00463nam a2200169 a 4500 | ||
|---|---|---|---|
| 001 | 000040650 | ||
| 005 | 20201002034258.0 | ||
| 008 | 130904s2008 sp a 000 0 spa d | ||
| 020 | _a9788424134877 | ||
| 040 |
_aDO-SdBNP _bspa _cBNPHU |
||
| 082 |
_axxxx _bxxxx |
||
| 245 | 0 | 0 | _aLeyendas Méxicanas. |
| 260 |
_aEspaña, : _bEverest, _c2008. |
||
| 300 |
_av. : _bil ; _c19 cm. |
||
| 700 | 1 |
_aÁlvarez, José Rogelio _967010 |
|
| 700 | 1 |
_aGalguera, Mauricio _eil. _967011 |
|
| 999 |
_c40140 _d40140 |
||